000 00769nam a2200229Ia 4500
003 GCL
008 140319s9999 xx 000 0 ara d
040 _aGCL /
_cGCL
082 0 4 _a822
_bل ب
100 1 _aلطفى عبدالبديع
245 1 0 _aبيت برناردا البا (مسرحية من ثلاث فصول) /
_cلطفى عبدالبديع
700 1 _aمحمود على مكى
700 1 _aلوركا
700 1 _aفيربريكو غرسية
300 _a155
490 _aروائع المسرح العالمى
_v0
650 0 4 _aالمسرحيات الانجليزية
650 0 4 _aالادب العالمى
650 0 4 _aالمسرحيات الانجليزية المترجمة
650 0 4 _aالمسرح العالمى
942 _2ddc
_cBK
999 _c44176
_d44176